Wanna Be Startin’ Somethin’ - Michael Jackson - All Lyrics - Statistics

General Stats
  • This quiz has been taken 208 times
    101 since last reset
  • The average score is 599 of 799
Answer Stats
Answer % Correct
I
100%
"I
100%
be
99%
So
99%
so
99%
start
99%
wanna
99%
When
99%
when
99%
somethin'
97%
somethin’
97%
startin'
97%
you
97%
You
97%
you)
97%
aaow!
96%
Aaow!
96%
Hee-haw!
96%
(Ooh!)
96%
(Hee)
94%
(Hee-ha)
94%
(Hee-hee)
94%
sa,
94%
sa
94%
se,
94%
got
93%
(Hoo-hoo)
93%
to
92%
To
92%
a
90%
aaow!
90%
me,
90%
me
90%
(Yeah,
89%
yeah)
89%
get
85%
in
85%
baby
83%
the
83%
your
83%
said
81%
Ma
79%
ma
79%
You're
79%
you're
79%
(You're
79%
over
78%
he
76%
high
76%
middle
76%
my
76%
too
76%
stuck
75%
under
75%
And
74%
and
74%
it
74%
always
69%
low
69%
cryin'
67%
coo
65%
is
65%
Then
65%
no
64%
No
64%
It's
63%
It’s
63%
But
61%
have
61%
don't
60%
she
60%
If
58%
tryin'
58%
tryin’
58%
vegetable
58%
vegetable)
58%
vegetable,
58%
can
57%
doctor
57%
someone,"
57%
had
56%
They
56%
they
56%
(They
56%
thunder
56%
took
54%
pain
53%
can't
51%
just
51%
want
51%
with
51%
know
50%
lyin'
50%
Sayin'
49%
up
49%
breakdown
47%
found
47%
nothin'
47%
her
44%
fever
43%
Talkin',
43%
talkin'
43%
feed
42%
Someone’s
42%
good
40%
believe
39%
Now,
39%
now
39%
hate
38%
him
38%
sing
38%
street
38%
dyin'
36%
out
36%
one
35%
that
35%
By
33%
keep
33%
scream
33%
make
32%
of
32%
world
32%
Billie
31%
Help
31%
Jean
31%
love
31%
stop
31%
think
31%
am
29%
hurt
29%
let
29%
slowly
29%
this
29%
because
26%
from
26%
buffet
25%
buffet)
25%
eat
25%
head
25%
razor
25%
time
25%
tongue
25%
true
25%
became
24%
nobody
24%
off
24%
really
24%
squealin',
24%
truth
24%
Yes,
24%
else
22%
hit
22%
You'll
22%
stealin',
21%
Still,
21%
(Still
21%
baby's
19%
called
19%
lies
19%
motor
19%
shoulders
19%
declinin'
18%
Hustlin',
18%
maybe
18%
rubbin'
18%
mouth
17%
Tellin'
17%
Treacherous,
17%
child
15%
unfurl
15%
what's
15%
cunnin',
13%
spyin'
13%
Lift
11%
pretend
8%
No matching quizzes found
Score Distribution
Percent of People with Each Score
Percentile by Number Answered
Your Score History
You have not taken this quiz since the last reset